000 00813nam a22002177a 4500
005 20111209165122.0
010 _aB-444572
020 _a9781865044149
_c195.00
035 _aB-444572
037 _bBlueberry/Ven
082 _aS
100 _aRodda, Emily
_939034
245 _aThe maze of the best /
_cby Emily Rodda
260 _aLindfield NSW
_bScholastic Press
_c2007(repr.).
270 _a345 Pacific Highway
_bLindfield NSW
_e2070
300 _a120p.
_c20cm(pbk)
490 _aDeltora Quest ;6
_939035
942 _2ddc
_cCH
_mROD
_hS
999 _c59238
_d59238